000 00394nam a22001577a 4500
003 OSt
005 20260325095639.0
008 260325b |||||||| |||| 00| 0 eng d
020 _a9788123908861
040 _cIIMT UNIVERSITY
100 _a Wallis T.E.
245 _aTextbook of Pharmacognosy
260 _aNEW DELHI
_b CBS Publishers & Distributors
_c2005
300 _a652
942 _2ddc
_c01
999 _c67571
_d67571